La transposición didáctica : del saber sabio al saber enseñado
Saved in:
| Main Author: | |
|---|---|
| Other Authors: | |
| Format: | Book |
| Language: | Spanish French |
| Published: |
Buenos Aires :
Aique,
1998
|
| Edition: | 3a. ed. |
| Series: | Psicología cognitiva y educación (Aique).
|
| Subjects: |
| LEADER | 02058Cam#a2200517#a#4500 | ||
|---|---|---|---|
| 001 | 008890 | ||
| 003 | AR-BeUNQ | ||
| 005 | 20170508133443.0 | ||
| 008 | 021205s1998####ag## ##b #000#0#spa#d | ||
| 020 | |a 9789507013805 |z 9507013806 | ||
| 040 | |a AR-beUNQ |b spa | ||
| 041 | 1 | |a pa |h fre | |
| 044 | |a ag | ||
| 082 | 0 | 4 | |a 371.3 |2 21 |
| 099 | |a 10-C67 | ||
| 100 | 1 | |a Chevallard, Yves | |
| 245 | 0 | 0 | |a La transposición didáctica : del saber sabio al saber enseñado |c Yves Chevallard. |
| 250 | |a 3a. ed. | ||
| 260 | |a Buenos Aires : |b Aique, |c 1998 | ||
| 300 | |a 196 p. ; |c 22 cm. | ||
| 490 | 1 | |a Psicología cognitiva y educación | |
| 500 | |a Traducción de: La transpotition didactique : du savoir savant au savoir enseigné. La pensée sauvage, 1991. | ||
| 594 | |a LICENCIATURA EN EDUCACION | ||
| 594 | |a DIPLOMATURA EN CIENCIAS SOCIALES | ||
| 594 | |a PROFESORADO EN EDUCACION |a PROFESORADO EN CIENCIAS SOCIALES |a PROFESORADO EN COMUNICACION SOCIAL | ||
| 595 | |a PEDAGOGIA | ||
| 595 | |a PROBLEMATICA DE LA FORMACION DOCENTE | ||
| 595 | |a DIDACTICA DE LAS CIENCIAS SOCIALES | ||
| 595 | |a DIDACTICA |d 2017 | ||
| 650 | 7 | |a METODOS PEDAGOGICOS |2 Spines | |
| 650 | 7 | |a APRENDIZAJE |2 Spines | |
| 650 | 7 | |a CONOCIMIENTO |2 Spines | |
| 650 | 7 | |a ENSEÑANZA |2 Spines | |
| 650 | 7 | |a Pedagogía |2 spines | |
| 650 | 7 | |a Sistema educativo |2 toit | |
| 650 | 7 | |a Matemáticas |2 spines | |
| 653 | |a Didáctica | ||
| 700 | 1 | |a Gilman, Claudia, |e tr. |4 trl | |
| 830 | 0 | |a Psicología cognitiva y educación (Aique). | |
| 929 | |a COMPRA |b UVQ |d 6,00E |e 20021205 |f patrimonio |j 32843 | ||
| 929 | |a COMPRA |b Stratford Book Services |c Compra 2012 Exp. 827-1601/12 |d 49,60 |e 20120910 |f PAT0045245 |j 48285 | ||
| 929 | |a COMPRA |b Stratford Book Services |c Compra 2012 Exp. 827-1601/12 |d 49,60 |e 20120910 |f PAT0045243 |j 48286 | ||
| 929 | |a COMPRA |b Stratford Book Services |c Compra 2012 Exp. 827-1601/12 |d 49,60 |e 20120910 |f PAT0045246 |j 48287 | ||
| 929 | |a COMPRA |b Stratford Book Services |c Compra 2012 Exp. 827-1601/12 |d 49,60 |e 20120910 |f PAT0045244 |j 48288 | ||
| 942 | |c LIB |n 0 | ||
| 999 | |c 11350 |d 86737 | ||